<?xml version="1.0" encoding="UTF-8"?>
<record
    xmlns:xsi="http://www.w3.org/2001/XMLSchema-instance"
    xsi:schemaLocation="http://www.loc.gov/MARC21/slim http://www.loc.gov/standards/marcxml/schema/MARC21slim.xsd"
    xmlns="http://www.loc.gov/MARC21/slim">

  <leader>02956nam a2200541Ia 4500</leader>
  <controlfield tag="001">7773</controlfield>
  <controlfield tag="008">241029s9999    xx            000 0 und d</controlfield>
  <datafield tag="010" ind1=" " ind2=" ">
    <subfield code="a">7331</subfield>
  </datafield>
  <datafield tag="041" ind1=" " ind2=" ">
    <subfield code="a">Espa&#xF1;ol</subfield>
  </datafield>
  <datafield tag="082" ind1=" " ind2=" ">
    <subfield code="a">ucsd-mfh-0043-2018</subfield>
  </datafield>
  <datafield tag="245" ind1=" " ind2="0">
    <subfield code="a">Nivel de motivaci&#xF3;n en losa estudiantes del nivel secundario un an&#xE1;lisis de las ense&#xF1;anzas de formaci&#xF3;n integral humana y religiosa, en el centro Esp&#xED;ritu Santo, Fe y Alegr&#xED;a.</subfield>
  </datafield>
  <datafield tag="260" ind1=" " ind2=" ">
    <subfield code="a">Distrito Nacional</subfield>
  </datafield>
  <datafield tag="300" ind1=" " ind2=" ">
    <subfield code="a">80</subfield>
  </datafield>
  <datafield tag="520" ind1=" " ind2=" ">
    <subfield code="a">65</subfield>
  </datafield>
  <datafield tag="630" ind1=" " ind2=" ">
    <subfield code="a">Ense&#xF1;anza-Aprendizaje</subfield>
  </datafield>
  <datafield tag="630" ind1=" " ind2=" ">
    <subfield code="a">Motivaci&#xF3;n</subfield>
  </datafield>
  <datafield tag="650" ind1=" " ind2=" ">
    <subfield code="a">Formaci&#xF3;n Integral Humana y Religiosa</subfield>
  </datafield>
  <datafield tag="690" ind1=" " ind2=" ">
    <subfield code="a">Copiado sin cambios</subfield>
  </datafield>
  <datafield tag="700" ind1=" " ind2=" ">
    <subfield code="e">asesor</subfield>
    <subfield code="a">Astacio, Martin</subfield>
  </datafield>
  <datafield tag="700" ind1=" " ind2=" ">
    <subfield code="e">autor</subfield>
    <subfield code="a">Lara, Fatima </subfield>
  </datafield>
  <datafield tag="700" ind1=" " ind2=" ">
    <subfield code="e">autor</subfield>
    <subfield code="a">Lara, Dolida Iluminada</subfield>
  </datafield>
  <datafield tag="901" ind1=" " ind2=" ">
    <subfield code="a">{"1":"Lara","2":"Lara"}</subfield>
    <subfield code="b">{"1":"Fatima ","2":"Dolida Iluminada"}</subfield>
  </datafield>
  <datafield tag="902" ind1=" " ind2=" ">
    <subfield code="a">1</subfield>
  </datafield>
  <datafield tag="903" ind1=" " ind2=" ">
    <subfield code="a">{"1":"Astacio"}</subfield>
    <subfield code="b">{"1":"Martin"}</subfield>
  </datafield>
  <datafield tag="904" ind1=" " ind2=" ">
    <subfield code="a">Maestr&#xED;a en</subfield>
  </datafield>
  <datafield tag="905" ind1=" " ind2=" ">
    <subfield code="a">Docencia y Gesti&#xF3;n Educativa</subfield>
  </datafield>
  <datafield tag="906" ind1=" " ind2=" ">
    <subfield code="a">2</subfield>
  </datafield>
  <datafield tag="907" ind1=" " ind2=" ">
    <subfield code="a">NO APLICA</subfield>
  </datafield>
  <datafield tag="908" ind1=" " ind2=" ">
    <subfield code="a">NO APLICA</subfield>
  </datafield>
  <datafield tag="909" ind1=" " ind2=" ">
    <subfield code="a">Universidad Cat&#xF3;lica de Santo Domingo (UCSD)</subfield>
  </datafield>
  <datafield tag="910" ind1=" " ind2=" ">
    <subfield code="a">NULL</subfield>
    <subfield code="b">NULL</subfield>
  </datafield>
  <datafield tag="911" ind1=" " ind2=" ">
    <subfield code="a">["1"]</subfield>
  </datafield>
  <datafield tag="912" ind1=" " ind2=" ">
    <subfield code="a">NO APLICA</subfield>
  </datafield>
  <datafield tag="913" ind1=" " ind2=" ">
    <subfield code="a">NULL</subfield>
  </datafield>
  <datafield tag="914" ind1=" " ind2=" ">
    <subfield code="a">01 de Septiembre de 2018</subfield>
  </datafield>
  <datafield tag="915" ind1=" " ind2=" ">
    <subfield code="a">20/12/19 08:12</subfield>
  </datafield>
  <datafield tag="916" ind1=" " ind2=" ">
    <subfield code="a">NULL</subfield>
  </datafield>
  <datafield tag="917" ind1=" " ind2=" ">
    <subfield code="a">NULL</subfield>
  </datafield>
  <datafield tag="918" ind1=" " ind2=" ">
    <subfield code="a">NO APLICA</subfield>
  </datafield>
  <datafield tag="919" ind1=" " ind2=" ">
    <subfield code="a">["89","143"]</subfield>
  </datafield>
  <datafield tag="520" ind1=" " ind2=" ">
    <subfield code="a">Esta investigaci&#xF3;n es llevada a cabo bajo un dise&#xF1;o no experimental, esto porque a lo largo de su desarrollo no fueron manipulada ninguna de las variables. Tambi&#xE9;n es de tipo descriptivo, debido a que dicho estudio se pretende lograr un acercamiento a tema en cuesti&#xF3;n.Esta investigaci&#xF3;n est&#xE1; compuesta por poblaci&#xF3;n de 540 estudiantes, 3 maestros, 1 orientador y 1 directora. Entre los m&#xE9;todos utilizados se menciona el inductivo por que las conclusiones a la que arrib&#xF3; en este estudio var&#xED;an en buena medida, para casos semejantes y el que tiene este lugar, en el centro Esp&#xED;ritu Santo, Fe y Alegr&#xED;a.&#xA0;El nivel de motivaci&#xF3;n que presenta el estudiantado de nivel secundario, se sit&#xFA;a en un 70% as&#xED; lo explicaron los docentes, lo cual es demostrado a trav&#xE9;s de la respuesta brindada, pero el 90% de los mismos estudiantes que indicaron que le gusta la materia (FIHR) y 87% tambi&#xE9;n declaro que cuando le hablan de esta materia es de su inter&#xE9;s. Los hallazgos dan a mostrar que lo que se necesita es la implementaci&#xF3;n de recursos did&#xE1;cticos audiovisuales, cambio de algunas metodolog&#xED;as de ense&#xF1;anzas,actividades motivadoras que despierten el inter&#xE9;s de alumnado.Se recomienda a la directora del centro: orientar y apoyar m&#xE1;s a los maestros del &#xE1;rea para que realicen actividades, que faciliten talleres de formaci&#xF3;n con el objetivo de innovar las pr&#xE1;cticas pedag&#xF3;gicas. Y as&#xED; aumentar el &#xE1;nimo de los estudiantes.</subfield>
  </datafield>
  <datafield tag="921" ind1=" " ind2=" ">
    <subfield code="a">63</subfield>
  </datafield>
  <datafield tag="922" ind1=" " ind2=" ">
    <subfield code="a">63</subfield>
  </datafield>
  <datafield tag="923" ind1=" " ind2=" ">
    <subfield code="a">1</subfield>
  </datafield>
  <datafield tag="924" ind1=" " ind2=" ">
    <subfield code="a">NO APLICA</subfield>
  </datafield>
  <datafield tag="942" ind1=" " ind2=" ">
    <subfield code="c">Tesis</subfield>
  </datafield>
  <datafield tag="999" ind1=" " ind2=" ">
    <subfield code="c">7331</subfield>
    <subfield code="d">7331</subfield>
  </datafield>
</record>
